五胡十六国 - Statistics

General Stats
  • This quiz has been taken 8 times
  • The average score is 9 of 16
Answer Stats
建国者 慣用国名 % Correct
劉淵 前趙
75%
石勒 後趙
75%
苻健 前秦
75%
姚萇 後秦
75%
赫連勃勃
75%
慕容儁 前燕
63%
慕容垂 後燕
63%
張軌 前涼
63%
呂光 後涼
63%
慕容徳 南燕
50%
李雄
50%
禿髪烏孤 南涼
50%
沮渠蒙孫 北涼
50%
李暠 西涼
38%
馮跋 北燕
38%
乞伏国仁 西秦
25%
No matching quizzes found
Score Distribution
Percent of People with Each Score
Percentile by Number Answered
Your Score History
You have not taken this quiz